Rappers to Album - Statistics

General Stats
  • This quiz has been taken 135 times
  • The average score is 18 of 27
Answer Stats
Hint Answer % Correct
Certified lover boy Drake
93%
Death race for love Juice WRLD
93%
The Life Of Pablo Kanye
90%
Utopia Travis Scott
89%
Mr Morale and the big steppers Kendrick Lamar
87%
All Eyez on Me Tupac
86%
The Carter IV Lil Wayne
85%
Doggystyle Snoop Dogg
83%
Stillmatic Nas
75%
Get Rich or Die tryin 50 Cent
72%
The Blueprint Jay -Z
70%
Music to be Murdered by Eminem
69%
17 XXXTENTACION
64%
Ready to DIe Biggie
62%
Pink Friday 2 Nicki Minaj
62%
Alligator Bites never heal Doechii
61%
Call me If you get lost Tyler The Creator
61%
American Dream 21 Savage
60%
Invasion of Privacy Cardi B
60%
Born Sinner J Cole
57%
The Melodic Blue Baby Keem
53%
The Forever story JID
51%
WRLD on Drugs Future
46%
Testing A$AP Rocky
45%
Beerbongs and Bentleys Post Malone
44%
The Divine Feminine Mac Miller
35%
Dark Times Vince Staples
25%
No matching quizzes found
Score Distribution
Percent of People with Each Score
Percentile by Number Answered
Your Score History
You have not taken this quiz